[Event "Berlin Lichtenberger op 8th"]
[Site "Berlin"]
[Date "2009.08.23"]
[Round "9"]
[White "Rohde, Wolfgang"]
[Black "Davydov, Ruven"]
[Result "1-0"]
[WhiteElo "2179"]
[BlackElo "1932"]
[PlyCount "74"]
[EventDate "2009.08.15"]
[EventType "swiss"]
[EventRounds "9"]
[EventCountry "GER"]
[SourceTitle "CBM 131 Extra"]
[Source "ChessBase"]
[SourceDate "2009.09.03"]
[SourceVersion "2"]
[SourceVersionDate "2009.09.16"]
[SourceQuality "1"]

1. d4 Nf6 2. Nf3 e6 3. g3 b6 4. Bg2 Bb7 5. 0-0 Be7 6. c4 0-0 7. Nc3 d6 8. Qc2 Nbd7 9. Rd1 Qc8 10. Bh3 Qb8 11. b3 Rd8 12. Ng5 h6 13. Nxe6 fxe6 14. Bxe6+ Kh8 15. Nd5 Nxd5 16. cxd5 Nf8 17. Bf7 Bf6 18. e4 Rd7 19. Bh5 c5 20. dxc6 Rc7 21. d5 Bxa1 22. Ba3 Qd8 23. Rxa1 Ba6 24. Qd2 Qf6 25. Re1 Rd8 26. f4 Nh7 27. Bb2 Qf8 28. Rc1 Nf6 29. Bf3 Qe8 30. e5 dxe5 31. fxe5 Nxd5 32. Bxd5 Qf7 33. Rd1 Qf8 34. e6 Rxc6 35. Qxh6+ Kg8 36. e7+ Rxd5 37. exf8Q+ Kxf8 1-0

[Event "GER-ch U14"]
[Site "Willingen"]
[Date "2009.06.05"]
[Round "8"]
[White "Davydov, Ruven"]
[Black "Klek, Hanna Marie"]
[Result "0-1"]
[WhiteElo "1914"]
[BlackElo "1992"]
[PlyCount "120"]
[EventDate "2009.05.30"]
[EventType "swiss"]
[EventRounds "9"]
[EventCountry "GER"]
[SourceTitle "EXT 2010"]
[Source "ChessBase"]
[SourceDate "2010.11.25"]
[SourceVersion "1"]
[SourceVersionDate "2010.11.25"]
[SourceQuality "1"]

1. e4 c5 2. Nf3 d6 3. d4 cxd4 4. Nxd4 Nf6 5. Nc3 a6 6. Bg5 e6 7. f4 Qc7 8. Bxf6 gxf6 9. Qf3 Nd7 10. 0-0-0 b5 11. Qh5 Nb6 12. f5 e5 13. Ne6 Bxe6 14. fxe6 0-0-0 15. exf7 Kb8 16. Nd5 Nxd5 17. Rxd5 Qa5 18. Qh4 h5 19. Kb1 Be7 20. Be2 Rdf8 21. Qh3 Rxf7 22. Qb3 Rg7 23. Bxb5 Ka7 24. Be2 Qb6 25. g3 Qxb3 26. cxb3 Kb6 27. Rc1 Rg5 28. Rc4 f5 29. Ra4 Ra8 30. b4 fxe4 31. b5 a5 32. Rxe4 Rf5 33. a4 Rf2 34. Bxh5 Rxh2 35. Bd1 Rg8 36. g4 Rc8 37. Re2 Rh1 38. Red2 Rc4 39. Ka2 Rxd1 40. Rxd1 Rxa4+ 41. Kb1 Rxg4 42. Rc1 Rb4 43. Rc8 Rh4 44. Re8 Rh7 45. Ra8 e4 46. Re8 Kc7 47. Kc2 Rh2+ 48. Kc3 Bf6+ 49. Kb3 Rxb2+ 50. Ka4 Rb4+ 51. Kxa5 Bc3 52. b6+ Kd7 53. Ka6 Kxe8 54. Rxd6 Ke7 55. Rd1 Be5 56. b7 Rb3 57. Ka7 e3 58. Re1 Ke6 59. b8Q Bxb8+ 60. Ka8 Bg3 0-1

[Event "Berlin Lichtenrade op 04th"]
[Site "Berlin"]
[Date "2008.10.24"]
[Round "7"]
[White "Reichenbach, Werner"]
[Black "Davydov, Ruven"]
[Result "1-0"]
[WhiteElo "2285"]
[BlackElo "1865"]
[PlyCount "77"]
[EventDate "2008.10.18"]
[EventType "swiss"]
[EventRounds "9"]
[EventCountry "GER"]
[SourceTitle "CBM 126 Extra"]
[Source "ChessBase"]
[SourceDate "2008.11.05"]
[SourceVersion "1"]
[SourceVersionDate "2008.11.05"]
[SourceQuality "1"]

1. c4 e6 2. Nf3 d5 3. d4 Nf6 4. g3 dxc4 5. Qa4+ Bd7 6. Qxc4 Bd6 7. Bg2 Bc6 8. 0-0 Nbd7 9. Nc3 0-0 10. Qb3 Ne4 11. Rd1 Ndf6 12. Ne5 Nxc3 13. bxc3 Bxg2 14. Kxg2 c6 15. Bg5 Qc7 16. Bxf6 gxf6 17. Nc4 Be7 18. e4 Rfd8 19. Rd2 b5 20. Ne3 a5 21. a4 Rab8 22. Rad1 bxa4 23. Qxa4 Rb5 24. Ra1 Ra8 25. Rda2 Qb7 26. Qc2 Qc7 27. Qe2 Rb3 28. Qc4 Rb7 29. Qa4 Rba7 30. Rb1 Qd7 31. Rab2 Bd8 32. Rb8 Rxb8 33. Rxb8 Rb7 34. Ra8 Kg7 35. Ra6 Rb5 36. d5 exd5 37. exd5 cxd5 38. Rd6 Qb7 39. Nf5+ 1-0

[Event "GER-chT U12"]
[Site "Verden an der Aller"]
[Date "2007.12.30"]
[Round "7.2"]
[White "Holle, Eric"]
[Black "Davydov, Ruven"]
[Result "1/2-1/2"]
[WhiteElo "1340"]
[BlackElo "1747"]
[PlyCount "67"]
[EventDate "2007.12.27"]
[EventType "team-swiss"]
[EventRounds "7"]
[EventCountry "GER"]
[SourceTitle "EXT 2009"]
[Source "ChessBase"]
[SourceDate "2008.11.26"]
[SourceVersion "1"]
[SourceVersionDate "2008.11.26"]
[SourceQuality "1"]
[WhiteTeam "Heusweiler SC Reti U12"]
[BlackTeam "Berlin TuS Makkabi U12"]
[WhiteTeamCountry "GER"]
[BlackTeamCountry "GER"]

1. e4 c5 2. Nc3 e6 3. f4 d5 4. Nf3 Nc6 5. d3 Nf6 6. Bd2 d4 7. Ne2 Be7 8. e5 Nd5 9. c3 dxc3 10. Nxc3 0-0 11. Be2 b6 12. 0-0 Bb7 13. a3 Qd7 14. Qa4 Rfd8 15. d4 Nxc3 16. Bxc3 Nxd4 17. Qxd7 Nxe2+ 18. Kf2 Rxd7 19. Kxe2 Rad8 20. Rf2 Ba6+ 21. Ke1 b5 22. Rc2 Bb7 23. Ba5 Rc8 24. Kf2 Bxf3 25. Kxf3 Bd8 26. Bxd8 Rdxd8 27. Rac1 Rd5 28. g3 c4 29. Rc3 Rcd8 30. R1c2 Kf8 31. Ke3 Ke7 32. Ke4 Rd3 33. Rxd3 Rxd3 34. Re2 1/2-1/2

[Event "GER-chT U12"]
[Site "Verden an der Aller"]
[Date "2007.12.29"]
[Round "6.2"]
[White "Davydov, Ruven"]
[Black "Eigemann, Frederik"]
[Result "0-1"]
[WhiteElo "1747"]
[BlackElo "1564"]
[PlyCount "64"]
[EventDate "2007.12.27"]
[EventType "team-swiss"]
[EventRounds "7"]
[EventCountry "GER"]
[SourceTitle "EXT 2009"]
[Source "ChessBase"]
[SourceDate "2008.11.26"]
[SourceVersion "1"]
[SourceVersionDate "2008.11.26"]
[SourceQuality "1"]
[WhiteTeam "Berlin TuS Makkabi U12"]
[BlackTeam "Koeln Muelheim U12"]
[WhiteTeamCountry "GER"]
[BlackTeamCountry "GER"]

1. e4 e6 2. d4 d5 3. e5 c5 4. Nf3 cxd4 5. Nxd4 Nc6 6. Bb5 Bd7 7. Bxc6 bxc6 8. 0-0 c5 9. Nf3 Ne7 10. Bg5 h6 11. Bh4 Qc7 12. Nc3 Nf5 13. Bg3 Rb8 14. b3 Be7 15. Qe2 d4 16. Ne4 Bb5 17. Qd2 Bxf1 18. Rxf1 Qb7 19. Nd6+ Bxd6 20. exd6 Rd8 21. Qa5 Nxg3 22. fxg3 Rxd6 23. Qxc5 Qb6 24. Qxb6 axb6 25. Ne5 0-0 26. Rd1 Rd5 27. Re1 Re8 28. Re2 Rc5 29. Nc4 b5 30. Na3 Ra8 31. b4 Rd5 32. Nb1 Rxa2 0-1

[Event "GER-chT U12"]
[Site "Verden an der Aller"]
[Date "2007.12.28"]
[Round "4.2"]
[White "Davydov, Ruven"]
[Black "Noettling, Dominik"]
[Result "1/2-1/2"]
[WhiteElo "1747"]
[BlackElo "1755"]
[PlyCount "81"]
[EventDate "2007.12.27"]
[EventType "team-swiss"]
[EventRounds "7"]
[EventCountry "GER"]
[SourceTitle "EXT 2009"]
[Source "ChessBase"]
[SourceDate "2008.11.26"]
[SourceVersion "1"]
[SourceVersionDate "2008.11.26"]
[SourceQuality "1"]
[WhiteTeam "Berlin TuS Makkabi U12"]
[BlackTeam "Forchheim SC U12"]
[WhiteTeamCountry "GER"]
[BlackTeamCountry "GER"]

1. e4 b6 2. d4 Bb7 3. Nc3 e6 4. Bd3 Bb4 5. Nge2 d6 6. a3 Bxc3+ 7. Nxc3 Ne7 8. Be3 Nbc6 9. 0-0 Qd7 10. Bb5 a6 11. Bd3 0-0 12. f4 f5 13. d5 exd5 14. exd5 Nd8 15. Be2 Nf7 16. Bf3 Rae8 17. Bf2 Ng6 18. Qd2 Nd8 19. Rae1 Rxe1 20. Rxe1 Re8 21. Ne2 Qf7 22. c4 Kh8 23. g3 Ne7 24. Nd4 Bc8 25. Re2 Bd7 26. Qd1 Qf6 27. Nc2 Qf7 28. Bd4 Nc8 29. Bc3 Rxe2 30. Qxe2 Qe7 31. Kf2 Qxe2+ 32. Bxe2 Ne7 33. Nd4 Kg8 34. h3 Kf7 35. g4 g6 36. Kg3 h6 37. h4 fxg4 38. Bxg4 Nf5+ 39. Bxf5 Bxf5 40. h5 Bd3 41. hxg6+ 1/2-1/2

[Event "GER-ch U12"]
[Site "Willingen"]
[Date "2007.06.01"]
[Round "11"]
[White "Davydov, Ruven"]
[Black "Stephan, Michael"]
[Result "0-1"]
[WhiteElo "1630"]
[BlackElo "1501"]
[PlyCount "56"]
[EventDate "2007.05.26"]
[EventType "swiss"]
[EventRounds "11"]
[EventCountry "GER"]
[SourceTitle "CBM 118 Extra"]
[Source "ChessBase"]
[SourceDate "2007.07.04"]
[SourceVersion "1"]
[SourceVersionDate "2007.07.04"]
[SourceQuality "1"]

1. e4 e5 2. d4 exd4 3. Qxd4 Nc6 4. Qe3 Nf6 5. Bd2 Bb4 6. a3 Bxd2+ 7. Nxd2 0-0 8. 0-0-0 Re8 9. f4 d6 10. h3 Bf5 11. Bd3 Nxe4 12. Nxe4 d5 13. g4 Bxe4 14. Bxe4 Rxe4 15. Qg3 Qd6 16. Qb3 Qxf4+ 17. Kb1 Rc4 18. Ne2 Qf2 19. Rhe1 b6 20. Qd3 Rd8 21. Nc3 Rd4 22. Qb5 Rxd1+ 23. Rxd1 Nd4 24. Qa4 c5 25. Nxd5 b5 26. Ne7+ Kf8 27. Qa5 Qxc2+ 28. Ka2 Qb3+ 0-1

[Event "GER-ch U12"]
[Site "Willingen"]
[Date "2007.05.28"]
[Round "4"]
[White "Goebel, Constantin"]
[Black "Davydov, Ruven"]
[Result "1-0"]
[WhiteElo "1846"]
[BlackElo "1630"]
[PlyCount "73"]
[EventDate "2007.05.26"]
[EventType "swiss"]
[EventRounds "11"]
[EventCountry "GER"]
[SourceTitle "CBM 118 Extra"]
[Source "ChessBase"]
[SourceDate "2007.07.04"]
[SourceVersion "1"]
[SourceVersionDate "2007.07.04"]
[SourceQuality "1"]

1. e4 c5 2. Nf3 e6 3. d4 cxd4 4. Nxd4 Qb6 5. Nc3 Bc5 6. Na4 Qa5+ 7. c3 Bxd4 8. Qxd4 Nf6 9. Nc5 0-0 10. Be2 d5 11. e5 Nc6 12. Qe3 Nxe5 13. Nxb7 Bxb7 14. Qxe5 Ba6 15. 0-0 Ne4 16. Bxa6 Qxa6 17. Be3 Rab8 18. f3 Nf6 19. Rf2 Rfc8 20. Qd4 Rb7 21. h4 Qd6 22. Bf4 Qc5 23. Rd1 Nd7 24. Qd3 Rxb2 25. Be3 Qa3 26. Bc1 Rxc3 27. Qd4 Rxc1 28. Rxc1 Rxa2 29. Rc8+ Nf8 30. Rxa2 Qxa2 31. Qc5 Qa1+ 32. Kh2 Qe5+ 33. f4 Qxf4+ 34. g3 Qd2+ 35. Kh3 h6 36. Qxf8+ Kh7 37. h5 1-0

[Event "GER-chT U12"]
[Site "Verden an der Aller"]
[Date "2006.12.28"]
[Round "3.2"]
[White "Konow, Philipp"]
[Black "Davydov, Ruven"]
[Result "0-1"]
[WhiteElo "1723"]
[BlackElo "1592"]
[PlyCount "67"]
[EventDate "2006.12.27"]
[EventType "team-swiss"]
[EventRounds "7"]
[EventCountry "GER"]
[SourceTitle "EXT 2008"]
[Source "ChessBase"]
[SourceDate "2007.11.25"]
[SourceVersion "1"]
[SourceVersionDate "2007.11.25"]
[SourceQuality "1"]
[WhiteTeam "Stader SV U12"]
[BlackTeam "Berlin TuS Makkabi U12"]
[WhiteTeamCountry "GER"]
[BlackTeamCountry "GER"]

1. d4 d5 2. c4 dxc4 3. e4 e5 4. d5 Nf6 5. Qc2 Bb4+ 6. Bd2 Bxd2+ 7. Nxd2 0-0 8. Bxc4 Nbd7 9. Ne2 Nb6 10. Bb3 Bd7 11. a4 a5 12. Nc4 Nxc4 13. Bxc4 c6 14. Nc3 cxd5 15. exd5 Rc8 16. Ba2 b5 17. Qd3 b4 18. Nb5 Qb6 19. Bc4 e4 20. Qb3 Ng4 21. 0-0 e3 22. Be2 exf2+ 23. Kh1 Ne3 24. Rxf2 Nc2 25. Raf1 Ne3 26. Re1 Ng4 27. Rf4 Nf2+ 28. Rxf2 Qxf2 29. Qd1 Rfe8 30. Nd6 Rxe2 31. Rxe2 Qxe2 32. Qg1 Rc2 33. Nb7 Rd2 34. Nxa5 0-1

[Event "GER-chT U12"]
[Site "Verden an der Aller"]
[Date "2006.12.27"]
[Round "1.2"]
[White "Lebeda, Lukas"]
[Black "Davydov, Ruven"]
[Result "1/2-1/2"]
[WhiteElo "1412"]
[BlackElo "1592"]
[PlyCount "126"]
[EventDate "2006.12.27"]
[EventType "team-swiss"]
[EventRounds "7"]
[EventCountry "GER"]
[SourceTitle "EXT 2008"]
[Source "ChessBase"]
[SourceDate "2007.11.25"]
[SourceVersion "1"]
[SourceVersionDate "2007.11.25"]
[SourceQuality "1"]
[WhiteTeam "Deizisau U12"]
[BlackTeam "Berlin TuS Makkabi U12"]
[WhiteTeamCountry "GER"]
[BlackTeamCountry "GER"]

1. c4 e6 2. g3 d5 3. cxd5 exd5 4. Bg2 c6 5. Nf3 Nf6 6. 0-0 Be7 7. d4 0-0 8. Nc3 Bf5 9. Bg5 Re8 10. Nh4 Qd7 11. Nxf5 Qxf5 12. Bd2 Nbd7 13. e3 Nb6 14. b3 Nc8 15. Qf3 Qg6 16. Qe2 Nd6 17. Bc1 Bf8 18. Bb2 Nf5 19. Qd3 Rad8 20. Rab1 Qg5 21. Rfd1 Ng4 22. Qe2 Bd6 23. Bc1 Qg6 24. Bh3 Nf6 25. Qd3 Ne7 26. Qxg6 Nxg6 27. Bg2 Re7 28. Re1 Rde8 29. Bb2 Bb4 30. a3 Ba5 31. b4 Bb6 32. Na4 Bc7 33. Nc5 Bd6 34. Re2 Nf8 35. h3 Bb8 36. Kh2 Ng6 37. Ba1 Nh4 38. Kg1 Nxg2 39. Kxg2 Ne4 40. Nxe4 dxe4 41. b5 Bc7 42. Bc3 Bb6 43. bxc6 bxc6 44. Bb2 h6 45. Rc2 Re6 46. Rbc1 Rc8 47. Bc3 Kf8 48. a4 Ke8 49. Bb4 Kd7 50. a5 Bc7 51. Bc5 Bxa5 52. Bxa7 Ra8 53. Ra2 Rxa7 54. Rca1 Kc7 55. Rxa5 Rxa5 56. Rxa5 Kb6 57. Ra1 Re7 58. Kf1 c5 59. Rb1+ Kc6 60. dxc5 Kxc5 61. Rc1+ Kd5 62. Rd1+ Ke5 63. Ke2 Rc7 1/2-1/2

[Event "GER North-chT U16"]
[Site "Magdeburg"]
[Date "2006.08.28"]
[Round "5.1"]
[White "Davydov, Ruven"]
[Black "Rutz, Maximilian"]
[Result "1-0"]
[WhiteElo "1627"]
[BlackElo "1322"]
[PlyCount "57"]
[EventDate "2006.08.26"]
[EventType "team-tourn"]
[EventRounds "7"]
[EventCountry "GER"]
[SourceTitle "EXT 2007"]
[Source "ChessBase"]
[SourceDate "2006.11.23"]
[SourceVersion "1"]
[SourceVersionDate "2006.11.23"]
[SourceQuality "1"]

1. e4 d5 2. exd5 Nf6 3. d4 Nxd5 4. c4 Nb6 5. Nc3 Nc6 6. Be3 Bf5 7. a3 g6 8. d5 Nb8 9. Bd4 Rg8 10. Be2 c6 11. Be5 cxd5 12. cxd5 N8d7 13. Bf4 Nf6 14. Bf3 a6 15. Be3 Bg7 16. Qb3 Nfd7 17. Rd1 Bxc3+ 18. bxc3 Qc7 19. g4 Bxg4 20. Bxg4 h5 21. Bf3 Nc4 22. Bd4 b5 23. d6 Nxd6 24. Bxa8 Nb6 25. Bxb6 Qxb6 26. Qd5 Kf8 27. Qd4 Qc7 28. Ne2 Ke8 29. Bf3 1-0

[Event "GER North-chT U16"]
[Site "Magdeburg"]
[Date "2006.08.27"]
[Round "3.2"]
[White "Davydov, Ruven"]
[Black "Konow, Philipp"]
[Result "0-1"]
[WhiteElo "1627"]
[BlackElo "1368"]
[PlyCount "68"]
[EventDate "2006.08.26"]
[EventType "team-tourn"]
[EventRounds "7"]
[EventCountry "GER"]
[SourceTitle "EXT 2007"]
[Source "ChessBase"]
[SourceDate "2006.11.23"]
[SourceVersion "1"]
[SourceVersionDate "2006.11.23"]
[SourceQuality "1"]

1. e4 c5 2. Nf3 Nc6 3. Nc3 d6 4. d4 cxd4 5. Nxd4 g6 6. Be3 Bg7 7. Bb5 Bd7 8. 0-0 Nf6 9. Re1 0-0 10. Bxc6 bxc6 11. Nb3 Qc7 12. h3 c5 13. e5 dxe5 14. Bxc5 Bc6 15. Qe2 Nd5 16. Nxd5 Bxd5 17. c4 Be6 18. Rac1 f5 19. Qc2 f4 20. Qe2 Bf5 21. Qd2 Rfd8 22. Qb4 Rab8 23. Qa3 Rd7 24. Red1 Rxd1+ 25. Rxd1 e4 26. Rd2 Bh6 27. Rd1 e3 28. fxe3 fxe3 29. Nd4 Rd8 30. Re1 Qg3 31. Nf3 Qf2+ 32. Kh1 Bxh3 33. Rg1 Rd1 34. gxh3 Qxf3+ 0-1

[Event "GER-ch U12"]
[Site "Willingen"]
[Date "2006.06.04"]
[Round "2"]
[White "Braeuer, Franz"]
[Black "Davydov, Ruven"]
[Result "1-0"]
[WhiteElo "1878"]
[BlackElo "1532"]
[PlyCount "85"]
[EventDate "2006.06.03"]
[EventType "swiss"]
[EventRounds "11"]
[EventCountry "GER"]
[SourceTitle "EXT 2007"]
[Source "ChessBase"]
[SourceDate "2006.11.23"]
[SourceVersion "1"]
[SourceVersionDate "2006.11.23"]
[SourceQuality "1"]

1. e4 c5 2. Nf3 e6 3. b3 Nf6 4. e5 Nd5 5. Bb2 Nc6 6. Bb5 Be7 7. 0-0 0-0 8. Re1 Qc7 9. Bxc6 Qxc6 10. d4 b6 11. c4 Nf4 12. Bc1 Ng6 13. d5 Qb7 14. Nc3 Qb8 15. Bb2 Bb7 16. Qe2 Re8 17. d6 Bd8 18. Ne4 Bc6 19. Nfd2 Qb7 20. Qg4 Kh8 21. Re3 Nh4 22. Rh3 Nf5 23. Qh5 h6 24. Qxf7 Bh4 25. f3 Rf8 26. Qg6 Bd8 27. Nf6 Bxf6 28. exf6 gxf6 29. Bxf6+ Rxf6 30. Qxf6+ Kh7 31. g4 Rg8 32. Kf2 Rg6 33. Qf7+ Rg7 34. Qf6 Rg6 35. Qe5 Nd4 36. g5 Nf5 37. gxh6 Nxh6 38. Rg1 Rxg1 39. Kxg1 Qc8 40. Ne4 Bxe4 41. Qxe4+ Kg7 42. Rg3+ Kf8 43. Qh7 1-0

[Event "GER-ch U12"]
[Site "Willingen"]
[Date "2006.06.03"]
[Round "1"]
[White "Davydov, Ruven"]
[Black "Holzmann, Arthur"]
[Result "1-0"]
[WhiteElo "1532"]
[BlackElo "1099"]
[PlyCount "93"]
[EventDate "2006.06.03"]
[EventType "swiss"]
[EventRounds "11"]
[EventCountry "GER"]
[SourceTitle "EXT 2007"]
[Source "ChessBase"]
[SourceDate "2006.11.23"]
[SourceVersion "1"]
[SourceVersionDate "2006.11.23"]
[SourceQuality "1"]

1. d4 d5 2. c4 e6 3. Nc3 f5 4. e3 Nf6 5. Nf3 c6 6. Bd2 Bd6 7. Bd3 Ne4 8. c5 Bc7 9. Ne2 Nd7 10. Nf4 Ndf6 11. Ne2 Nxd2 12. Nxd2 Ba5 13. 0-0 0-0 14. Nf3 Ne4 15. Bxe4 dxe4 16. Ne5 Bc7 17. Nc3 Rf6 18. Rc1 Rh6 19. Qe2 Qf6 20. f4 Qh4 21. h3 Qg3 22. Kh1 Bxe5 23. dxe5 b6 24. cxb6 axb6 25. Qf2 Qxf2 26. Rxf2 Rg6 27. Rd2 Bb7 28. Rcd1 h6 29. Rd8+ Rxd8 30. Rxd8+ Kh7 31. Rb8 Ba6 32. Kh2 Bf1 33. g3 h5 34. h4 b5 35. Rb6 Bc4 36. Rxc6 Bd5 37. Rb6 Bc4 38. b3 Bd3 39. Nxb5 Bxb5 40. Rxb5 Rh6 41. a4 Kg6 42. Rb8 Kf7 43. a5 g6 44. a6 Kg7 45. a7 Rh8 46. a8Q Rxb8 47. Qxb8 1-0

[Event "Berlin op 05"]
[Site "Berlin"]
[Date "2006.05.27"]
[Round "5"]
[White "Tausch, Dirk"]
[Black "Davydov, Ruven"]
[Result "0-1"]
[WhiteElo "1259"]
[BlackElo "1532"]
[PlyCount "70"]
[EventDate "2006.05.24"]
[EventType "swiss"]
[EventRounds "7"]
[EventCountry "GER"]
[SourceTitle "EXT 2007"]
[Source "ChessBase"]
[SourceDate "2006.11.23"]
[SourceVersion "1"]
[SourceVersionDate "2006.11.23"]
[SourceQuality "1"]

1. c4 e5 2. Nc3 Nc6 3. g3 d6 4. Bg2 Nf6 5. e3 Be6 6. b3 Be7 7. Nge2 Qd7 8. d4 exd4 9. exd4 Bh3 10. Bf3 Bg4 11. Nf4 Bxf3 12. Qxf3 0-0 13. Be3 Rfe8 14. 0-0 Bf8 15. Rad1 Rad8 16. Nfd5 Nxd5 17. Nxd5 Qc8 18. Nc3 a6 19. a3 Be7 20. b4 Bf8 21. Nd5 Ne7 22. Bg5 Rd7 23. Nf6+ gxf6 24. Bxf6 Bg7 25. Qg4 Ng6 26. Qg5 Bxf6 27. Qxf6 Re6 28. Qg5 Kh8 29. f4 f6 30. Qh6 Qf8 31. Qh3 f5 32. c5 Rf6 33. g4 fxg4 34. Qxg4 Rg7 35. Qf3 Nh4+ 0-1

[Event "Berlin op 05"]
[Site "Berlin"]
[Date "2006.05.26"]
[Round "4"]
[White "Davydov, Ruven"]
[Black "Eberlein, Johann"]
[Result "0-1"]
[WhiteElo "1532"]
[BlackElo "1810"]
[PlyCount "98"]
[EventDate "2006.05.24"]
[EventType "swiss"]
[EventRounds "7"]
[EventCountry "GER"]
[SourceTitle "EXT 2007"]
[Source "ChessBase"]
[SourceDate "2006.11.23"]
[SourceVersion "1"]
[SourceVersionDate "2006.11.23"]
[SourceQuality "1"]

1. e4 c6 2. d4 d5 3. exd5 cxd5 4. Nf3 Nf6 5. Bf4 Nc6 6. Bd3 Bg4 7. c3 e6 8. Nbd2 Be7 9. 0-0 0-0 10. Qc2 Rc8 11. a3 Bh5 12. Rfe1 Bg6 13. Bxg6 hxg6 14. Rac1 a6 15. Qb1 Na5 16. b4 Nc4 17. Nxc4 Rxc4 18. Ne5 Rc8 19. Qb3 Nd7 20. Red1 Nxe5 21. dxe5 Bg5 22. Bxg5 Qxg5 23. Re1 Rc4 24. Rcd1 Rfc8 25. Re3 Qh5 26. Rde1 Rh4 27. h3 Rhc4 28. Rd3 Qf5 29. Rf3 Qg5 30. Rd3 Qf4 31. Rde3 Qg5 32. Rd3 Rf4 33. Rd4 Rxd4 34. cxd4 Qd2 35. Rd1 Rc1 36. Rxc1 Qxc1+ 37. Kh2 Qf4+ 38. Kg1 Qxd4 39. Qa4 Qa1+ 40. Kh2 Qxe5+ 41. Kg1 Qe1+ 42. Kh2 Qxf2 43. Qd7 d4 44. Kh1 Kh7 45. a4 Qf1+ 46. Kh2 d3 47. Qd4 g5 48. Qe4+ g6 49. Qd4 Qf4+ 0-1

[Event "Berlin op 01"]
[Site "Berlin"]
[Date "2006.01.29"]
[Round "1"]
[White "Davydov, Ruven"]
[Black "Kropman, Alexei"]
[Result "1-0"]
[WhiteElo "1507"]
[BlackElo "1381"]
[PlyCount "63"]
[EventDate "2006.01.29"]
[EventType "swiss"]
[EventRounds "9"]
[EventCountry "GER"]
[SourceTitle "EXT 2007"]
[Source "ChessBase"]
[SourceDate "2006.11.23"]
[SourceVersion "1"]
[SourceVersionDate "2006.11.23"]
[SourceQuality "1"]

1. e4 e5 2. d4 exd4 3. Qxd4 Nc6 4. Qe3 d6 5. Bd2 Nf6 6. Nc3 Be7 7. 0-0-0 0-0 8. Qg3 Re8 9. f4 Bf8 10. e5 Nd7 11. exd6 Bxd6 12. Nb5 Bf8 13. Bc3 a6 14. Nd4 Nxd4 15. Bxd4 b5 16. Be2 Qe7 17. Bf3 Rb8 18. Ba7 Bb7 19. Bxb8 Rxb8 20. Bxb7 Rxb7 21. Nf3 c5 22. Rhe1 Qf6 23. Qg5 Qb6 24. Ne5 Nf6 25. Ng4 Nxg4 26. Qxg4 c4 27. Qf3 b4 28. Qe3 Qa5 29. Qe8 c3 30. Rd8 cxb2+ 31. Kb1 Qc5 32. Qxf8+ 1-0